000 00231nam a2200109Ia 4500
008 190216s9999||||xx |||||||||||||| ||und||
100 _aNull
245 0 _aHindi-Bai Bai
260 _bSaraswathi Press
300 _a151
942 _cBK
999 _c17147
_d17147